000 00517cam a22001934a 4500
005 20250605164151.0
008 250528s ||||||||||||||||||||||||d
035 _a19389
020 _a9603431974
040 _aGR-AtMCL
_bgre
_dGR-AtMCL
_eAACR2
245 1 _aΔΙΕΘΝΕΙΣ ΟΙΚΟΝΟΜΙΚΕΣ ΣΧΕΣΕΙΣ
250 _a1
260 _bΑδελφοι Κυριακιδη,
_c1995
300 _a424
700 1 _aΚαραντωνης Ηλιας
_95637
942 _cBK
999 _c4645
_d4645